Statistics for All Modern US Political Parties

Click here to take the quiz!

General Stats

  • This quiz has been taken 127 times
  • The average score is 17 of 39

Answer Stats

StatusParties% Correct
MajorDemocrat Party
100%
MajorRepublican Party
100%
MinorGreen Party of the United States
95%
For those who aren't a part of a partyIndependent
94%
MinorIndependent American Party
94%
MinorLibertarian Party
88%
MinorCommunist Party USA
82%
MinorNational Socialist Movement
81%
MinorSocialist Labor Party of America
81%
MinorFreedom Socialist Party
80%
MinorSocialist Action
80%
MinorSocialist Alternative
80%
MinorSocialist Equality Party
80%
MinorSocialist Party USA
80%
MinorSocialist Workers Party
80%
MinorConstitution Party
57%
MinorReform Party of the United States of America
42%
MinorModern Whigs Party
34%
MinorChristian Liberty Party
31%
MinorPeace and Freedom Party
30%
MinorTraditionalist Worker Party
26%
MinorAmerican Freedom Party
22%
MinorProhibition Party
18%
MinorAmerican Solidarity Party
17%
MinorLegal Marijuana Now Party
15%
MinorJustice Party
14%
MinorWorkers World Party
12%
MinorUnited States Marijuana Party
10%
MinorUnited States Pirate Party
10%
MinorAmerican Populist Party
9%
MinorAmerica First Party
6%
MinorVeterans Party of America
5%
MinorAmerican Delta Party
4%
MinorObjectivist Party
4%
MinorUnity Party of America
4%
MinorUnited States Pacifist Party
3%
MinorAmerica's Party
2%
MinorHumane Party
2%
MinorAmerican Falangist Party
1%

Score Distribution

Percentile by Number Answered

Percent of People with Each Score

Your Score History

You have not taken this quiz